Mauritius : (Record no. 147474)

MARC details
000 -LEADER
fixed length control field 00794nam a2200265 a 4500
008 - FIXED-LENGTH DATA ELEMENTS--GENERAL INFORMATION
fixed length control field
020 ## - INTERNATIONAL STANDARD BOOK NUMBER
International Standard Book Number 0850925347 (pbk.)
049 ## - LOCAL HOLDINGS (OCLC)
Holding library MAIN
090 ## - LOCALLY ASSIGNED LC-TYPE CALL NUMBER (OCLC); LOCAL CALL NUMBER (RLIN)
Classification number (OCLC) (R) ; Classification number, CALL (RLIN) (NR) HF1416
003 - CONTROL NUMBER IDENTIFIER
control field
005 - DATE AND TIME OF LATEST TRANSACTION
control field 20230123133355.0
040 ## - CATALOGING SOURCE
Transcribing agency NUST
100 1# - MAIN ENTRY--PERSONAL NAME
Personal name Lall, Sanjaya.
245 10 - TITLE STATEMENT
Title Mauritius :
Remainder of title dynamising export competitiveness /
Statement of responsibility, etc. Sanjaya Lall ana Ganesham Wignaraja.
260 ## - PUBLICATION, DISTRIBUTION, ETC.
Place of publication, distribution, etc. London :
Name of publisher, distributor, etc. Commonwealth Secretariat,
Date of publication, distribution, etc. 1998.
300 ## - PHYSICAL DESCRIPTION
Extent 168 p. ;
Dimensions 26cm.
440 ## - SERIES STATEMENT/ADDED ENTRY--TITLE
Title Economic paper ;
Volume/sequential designation 33
504 ## - BIBLIOGRAPHY, ETC. NOTE
Bibliography, etc. note Incudes bibliographical references.
650 ## - SUBJECT ADDED ENTRY--TOPICAL TERM
Topical term or geographic name entry element International trade.
650 ## - SUBJECT ADDED ENTRY--TOPICAL TERM
Topical term or geographic name entry element Export marketing
Geographic subdivision Mauritius.
650 ## - SUBJECT ADDED ENTRY--TOPICAL TERM
Topical term or geographic name entry element Exports.
700 ## - ADDED ENTRY--PERSONAL NAME
Personal name Ganeshan Wignaraja.
907 ## - LOCAL DATA ELEMENT G, LDG (RLIN)
a .b10085075
b 29-09-05
c 29-07-03
942 ## - ADDED ENTRY ELEMENTS (KOHA)
Koha item type Ordinary Loan Books
Call number prefix HF1416
Holdings
Date last seen Total Checkouts Full call number Barcode Cost, replacement price Price effective from Koha item type Lost status Source of classification or shelving scheme Damaged status Not for loan Collection Withdrawn status Home library Current library Shelving location Date acquired Cost, normal purchase price
01/23/2023 1 HF1416 LAL 92003003531 80.00 01/23/2023 BOOKS   lcc     NFIC   MAIN MAIN GEN 01/23/2023 80.00